... बस पौ फटी है / (Record no. 200946)

MARC details
000 -LEADER
fixed length control field 01040nam a22001937a 4500
005 - DATE AND TIME OF LATEST TRANSACTION
control field 20240222113059.0
010 ## - LCCN (DPL NO)
LC control number B-758504-513 SP
020 ## - INTERNATIONAL STANDARD BOOK NUMBER
International Standard Book Number 9789391881337
Terms of availability 450.00
035 ## - SYSTEM CONTROL NUMBER
System control number B-758504-513 SP
037 ## - SOURCE OF ACQUISITION
Source of stock number/acquisition लता मल्लिकार्जुना
082 ## - DEWEY DECIMAL CLASSIFICATION NUMBER
Classification number
100 ## - MAIN ENTRY--PERSONAL NAME
Personal name लता मल्लिकार्जुना
245 ## - TITLE STATEMENT
Title ... बस पौ फटी है /
Statement of responsibility, etc लता मल्लिकार्जुना
260 ## - PUBLICATION, DISTRIBUTION, ETC. (IMPRINT)
Place of publication, distribution, etc नई दिल्ली
Name of publisher, distributor, etc वाणी प्रकाशन
Date of publication, distribution, etc 2022
270 ## - ADDRESS
Address 4695, 21-ए, दरियागंज
City नई दिल्ली
Postal code 110002
300 ## - PHYSICAL DESCRIPTION
Extent 208 पृ..
Dimensions 22सेमी (सजिल्द)
942 ## - ADDED ENTRY ELEMENTS (KOHA)
Source of classification or shelving scheme Dewey Decimal Classification
Item type Hindi Books
Classification part
Call number suffix लताम
Holdings
Withdrawn status Lost status Not for loan Collection code Home library Current library Date acquired Source of acquisition Cost, normal purchase price Full call number Barcode Copy number Cost, replacement price Koha item type
      Non-fiction Ashok Vihar Ashok Vihar 22/02/2024 लता मल्लिकार्जुन/SP/BILL/DPL/DELHI/2024/12.2.24/177/2.2.24/14.2.24 450.00 उ लताम B-758505 1 450.00 Hindi Books
      Non-fiction Bawana Bawana 22/02/2024 लता मल्लिकार्जुन/SP/BILL/DPL/DELHI/2024/12.2.24/177/2.2.24/14.2.24 450.00 उ लताम B-758512 1 450.00 Hindi Books
      Non-fiction Central Library Central Library 22/02/2024 लता मल्लिकार्जुन/SP/BILL/DPL/DELHI/2024/12.2.24/177/2.2.24/14.2.24 450.00 उ लताम B-758504 1 450.00 Hindi Books
      Non-fiction Diz Area Diz Area 22/02/2024 लता मल्लिकार्जुन/SP/BILL/DPL/DELHI/2024/12.2.24/177/2.2.24/14.2.24 450.00 उ लताम B-758507 1 450.00 Hindi Books
      Non-fiction Janak Puri Janak Puri 22/02/2024 लता मल्लिकार्जुन/SP/BILL/DPL/DELHI/2024/12.2.24/177/2.2.24/14.2.24 450.00 उ लताम B-758508 1 450.00 Hindi Books
      Non-fiction Patel Nagar Patel Nagar 22/02/2024 लता मल्लिकार्जुन/SP/BILL/DPL/DELHI/2024/12.2.24/177/2.2.24/14.2.24 450.00 उ लताम B-758506 1 450.00 Hindi Books
      Non-fiction R.K.Puram-8 R.K.Puram-8 22/02/2024 लता मल्लिकार्जुन/SP/BILL/DPL/DELHI/2024/12.2.24/177/2.2.24/14.2.24 450.00 उ लताम B-758510 1 450.00 Hindi Books
      Non-fiction Sarojini Nagar Sarojini Nagar 22/02/2024 लता मल्लिकार्जुन/SP/BILL/DPL/DELHI/2024/12.2.24/177/2.2.24/14.2.24 450.00 उ लताम B-758509 1 450.00 Hindi Books
      Non-fiction Shahdara Branch Shahdara Branch 22/02/2024 लता मल्लिकार्जुन/SP/BILL/DPL/DELHI/2024/12.2.24/177/2.2.24/14.2.24 450.00 उ लताम B-758513 10 450.00 Hindi Books
      Non-fiction Vinoba Puri Vinoba Puri 22/02/2024 लता मल्लिकार्जुन/SP/BILL/DPL/DELHI/2024/12.2.24/177/2.2.24/14.2.24 450.00 उ लताम B-758511 1 450.00 Hindi Books

© Delhi Public Library
Hit Counter
free hit counter